00366nam a2200145Ia 450000500170000000800460001703700120006304000200007504100130009508400180010810000130012624500220013926000490016130000100021020250508152826.0008 250505s9999 xx 000 0 hin d aTextual aFEDLbengcFEDL ahin2eng aFH, GURqFEDL aGurudutt 0aDoo bhadra purush aNew Delhi, IndiabBharti Sahitya Sadanc1962 a199p.